[Event "Turkey Cup 2020"]
[Site "Antalya-Belek"]
[Date "2020.01.31"]
[Round "9.69"]
[White "Uzuner, Tufan Can"]
[Black "Hanci, Ilker"]
[Result "1-0"]
[WhiteElo "1939"]
[BlackElo "1571"]
[Annotator "NA RC"]
[PlyCount "135"]
[EventDate "2020.01.26"]
[EventType "swiss"]
[EventCountry "TUR"]
[SourceTitle "playchess.com"]
[Source "ChessBase"]
[SourceQuality "1"]

1. d4 Nf6 2. Nf3 g6 3. c4 Bg7 4. Nc3 d5 5. h4 h5 6. cxd5 Nxd5 7. e4 Nxc3 8. bxc3 c5 9. Be3 Qa5 10. Qd2 O-O 11. Rb1 a6 12. c4 Qxd2+ 13. Kxd2 cxd4 14. Bxd4 Rd8 15. Ke3 Bh6+ 16. Ke2 Nc6 17. Bb6 Rd6 18. c5 Re6 19. Kd3 Rxe4 20. Kxe4 Bf5+ 21. Kd5 Bxb1 22. a3 Bg7 23. Be2 Ba2+ 24. Ke4 f5+ 25. Kf4 e5+ 26. Kg3 Nd4 27. Nxd4 exd4 28. Bf3 Rb8 29. Rd1 Bb3 30. Rd2 Be5+ 31. Kh3 Kf7 32. g3 Be6 33. Kg2 Bd7 34. Bd5+ Kf8 35. f4 Bf6 36. Bc7 Rc8 37. Bd6+ Kg7 38. Bxb7 Bc6+ 39. Bxc6 Rxc6 40. Kf1 Kf7 41. Ke2 Be7 42. Rxd4 Bxd6 43. cxd6 Ke8 44. d7+ Kd8 45. Kd2 Rb6 46. Kc3 Re6 47. Rd3 Re4 48. Rd4 Re3+ 49. Rd3 Re4 50. Kb3 a5 51. Kc2 Ra4 52. Kb2 Re4 53. Kb3 a4+ 54. Kc3 Re6 55. Kb4 Re4+ 56. Kb5 g5 57. hxg5 h4 58. gxh4 Rxf4 59. Rg3 Rxh4 60. g6 Rh8 61. g7 Rg8 62. Kc6 f4 63. Rg4 f3 64. Rxa4 f2 65. Ra8+ Ke7 66. Rxg8 f1=Q 67. d8=Q+ Ke6 68. Qd6+ 1-0

[Event "Turkey Cup 2020"]
[Site "Antalya-Belek"]
[Date "2020.01.31"]
[Round "9.70"]
[White "Keser, Murat"]
[Black "Ozdemir, Metin"]
[Result "1-0"]
[WhiteElo "1847"]
[BlackElo "1435"]
[Annotator "NA RC"]
[PlyCount "115"]
[EventDate "2020.01.26"]
[EventType "swiss"]
[EventCountry "TUR"]
[SourceTitle "playchess.com"]
[Source "ChessBase"]
[SourceQuality "1"]

1. d4 d5 2. Bf4 e6 3. e3 Nf6 4. Bd3 h6 5. Nf3 Bd6 6. Bg3 Bxg3 7. hxg3 Nc6 8. c3 b6 9. Bb5 Bd7 10. Nbd2 a6 11. Bd3 Qe7 12. Ne5 Nxe5 13. dxe5 Nh7 14. Qc2 Nf8 15. Nf3 Bc6 16. g4 g5 17. Nd4 Bb7 18. f4 Nd7 19. O-O-O Nc5 20. Nf3 Nxd3+ 21. Qxd3 O-O-O 22. fxg5 hxg5 23. Rh7 Rdg8 24. Rdh1 Rxh7 25. Qxh7 Qf8 26. Rh5 Rg7 27. Qh6 Qg8 28. Rxg5 Rxg5 29. Qxg5 Qh7 30. Qh5 Qd3 31. Qxf7 Qxe3+ 32. Nd2 Kb8 33. Qxe6 d4 34. cxd4 Be4 35. Qe8+ Kb7 36. Qa4 Bg6 37. Qb3 Qxd4 38. Nf3 Qxg4 39. Qd5+ c6 40. Qd2 Qc4+ 41. Kd1 a5 42. Ke1 Qxa2 43. Qd7+ Ka6 44. Qxc6 Qb1+ 45. Kf2 Qc2+ 46. Qxc2 Bxc2 47. e6 Bg6 48. Ne5 Be8 49. g4 a4 50. g5 Kb7 51. g6 Bxg6 52. Nxg6 Kc7 53. e7 Kd7 54. Ke2 b5 55. Kd3 b4 56. Kc4 a3 57. bxa3 bxa3 58. Kb3 1-0

[Event "Turkey Cup 2020"]
[Site "Antalya-Belek"]
[Date "2020.01.31"]
[Round "9.71"]
[White "Durmus, Kenan"]
[Black "Gundogan, Sinem Cagla"]
[Result "1-0"]
[WhiteElo "1611"]
[BlackElo "1808"]
[Annotator "NA RC"]
[PlyCount "113"]
[EventDate "2020.01.26"]
[EventType "swiss"]
[EventCountry "TUR"]
[SourceTitle "playchess.com"]
[Source "ChessBase"]
[SourceQuality "1"]

1. e4 e5 2. Nf3 Nc6 3. Bb5 a6 4. Ba4 Nf6 5. O-O Be7 6. Qe2 b5 7. Bb3 O-O 8. c3 d6 9. Rd1 Na5 10. Bc2 c5 11. d4 Qc7 12. h3 Bb7 13. Bg5 Rfc8 14. d5 h6 15. Bh4 Nh5 16. Bg3 Nxg3 17. fxg3 Nc4 18. b3 Nb6 19. Nbd2 c4 20. b4 f5 21. Nf1 a5 22. Ne3 axb4 23. cxb4 fxe4 24. Bxe4 Ra3 25. Bf5 Rca8 26. Be6+ Kh8 27. Nf5 Bf6 28. N3h4 Bxh4 29. Nxh4 Rxg3 30. Qe4 Nd7 31. Ng6+ Rxg6 32. Qxg6 Nf6 33. Rf1 Qe7 34. a4 c3 35. axb5 Rxa1 36. Rxa1 Nxd5 37. Bxd5 Bxd5 38. Qd3 Qb7 39. Rf1 Be4 40. Qc4 Bd5 41. Qxc3 Bxg2 42. Rf8+ Kh7 43. Qc8 Qe4 44. Rh8+ Kg6 45. Qg4+ Qxg4 46. hxg4 Bb7 47. Rd8 Kg5 48. Rd7 Be4 49. Rxg7+ Kf4 50. b6 Ke3 51. b7 Bxb7 52. Rxb7 d5 53. Re7 e4 54. b5 d4 55. b6 d3 56. b7 d2 57. Rd7 1-0

[Event "Turkey Cup 2020"]
[Site "Antalya-Belek"]
[Date "2020.01.31"]
[Round "9.72"]
[White "Benk, Tolga Tugay"]
[Black "Yuksel, Oktay Yigit"]
[Result "1-0"]
[WhiteElo "1821"]
[BlackElo "1464"]
[Annotator "NA RC"]
[PlyCount "95"]
[EventDate "2020.01.26"]
[EventType "swiss"]
[EventCountry "TUR"]
[SourceTitle "playchess.com"]
[Source "ChessBase"]
[SourceQuality "1"]

1. d4 d5 2. c4 c6 3. e3 Nf6 4. Nc3 e6 5. Nf3 Bd6 6. Bd3 Nbd7 7. b3 Qe7 8. Qc2 dxc4 9. bxc4 e5 10. O-O O-O 11. a4 Re8 12. Ng5 h6 13. Nge4 exd4 14. exd4 Nxe4 15. Nxe4 Nf6 16. Re1 Nxe4 17. Rxe4 Qd8 18. Rxe8+ Qxe8 19. Be3 Be6 20. Rb1 Qd7 21. Qd2 Bf8 22. Be2 Bf5 23. Rb2 Re8 24. Qa5 b6 25. Qa6 Qc7 26. a5 Rb8 27. axb6 Rxb6 28. Qa2 Qb8 29. Rxb6 Qxb6 30. c5 Qb4 31. Qd2 a5 32. Qxb4 axb4 33. Bf3 Bd7 34. Kf1 f5 35. Ke1 g5 36. Bc1 Kf7 37. g3 Ke6 38. Kd2 g4 39. Bg2 Be7 40. Kd3 Bg5 41. Bxg5 hxg5 42. Kc4 f4 43. Be4 b3 44. Kxb3 Kf6 45. Kb4 fxg3 46. hxg3 Be6 47. Ka5 Bc4 48. Kb6 1-0

[Event "Turkey Cup 2020"]
[Site "Antalya-Belek"]
[Date "2020.01.31"]
[Round "9.74"]
[White "Celik, Hilmi"]
[Black "Camdereli, Gunduz"]
[Result "0-1"]
[WhiteElo "1675"]
[BlackElo "1763"]
[Annotator "NA RC"]
[PlyCount "82"]
[EventDate "2020.01.26"]
[EventType "swiss"]
[EventCountry "TUR"]
[SourceTitle "playchess.com"]
[Source "ChessBase"]
[SourceQuality "1"]

1. b3 c5 2. Bb2 Nc6 3. e3 e5 4. Bb5 a6 5. Bxc6 dxc6 6. Bxe5 Qg5 7. Bg3 Bg4 8. Nf3 Qh5 9. d3 Ne7 10. Nbd2 Nf5 11. Qc1 Nxg3 12. fxg3 Bd6 13. O-O O-O-O 14. Ne4 Be7 15. Nfd2 Qg6 16. Nc4 f6 17. a4 h5 18. Nf2 Be6 19. e4 Bxc4 20. bxc4 h4 21. g4 Bd6 22. Qe3 Qe8 23. Qf3 Kc7 24. h3 Qe5 25. Rfe1 Qc3 26. Qe2 Rhe8 27. Rab1 Bg3 28. Rb3 Qd4 29. Reb1 Rb8 30. Kf1 g6 31. Qd2 f5 32. gxf5 gxf5 33. Re1 fxe4 34. Qe3 Qxe3 35. Rxe3 Rf8 36. Re2 e3 37. Rxe3 Rxf2+ 38. Kg1 Rxc2 39. Re7+ Kd6 40. Rf7 Rc1+ 41. Rf1 Bh2+ 0-1

[Event "Turkey Cup 2020"]
[Site "Antalya-Belek"]
[Date "2020.01.31"]
[Round "9.75"]
[White "Kiziltas, Inanc Vefa"]
[Black "Demirkesen, Mehmet Cihad"]
[Result "1-0"]
[WhiteElo "1803"]
[BlackElo "1592"]
[Annotator "NA RC"]
[PlyCount "69"]
[EventDate "2020.01.26"]
[EventType "swiss"]
[EventCountry "TUR"]
[SourceTitle "playchess.com"]
[Source "ChessBase"]
[SourceQuality "1"]

1. e4 c5 2. Nf3 Nc6 3. d4 cxd4 4. Nxd4 e5 5. Nb5 a6 6. Nd6+ Bxd6 7. Qxd6 Qe7 8. Qd1 Nf6 9. Nc3 h6 10. g3 d6 11. h3 Bd7 12. Be3 Rc8 13. Qd2 Nd4 14. Bxd4 exd4 15. Qxd4 d5 16. e5 Bf5 17. Be2 Ne4 18. Nxd5 Qg5 19. c4 O-O 20. Rd1 Rfe8 21. h4 Qg6 22. g4 Bxg4 23. Rg1 f5 24. f3 Qh5 25. fxe4 Qxh4+ 26. Qf2 Qxf2+ 27. Kxf2 Bxe2 28. Nf6+ Kh8 29. Nxe8 Bxd1 30. Nd6 Rf8 31. Rxd1 fxe4+ 32. Ke3 Rf3+ 33. Kxe4 Rf2 34. e6 Rxb2 35. Re1 1-0

[Event "Turkey Cup 2020"]
[Site "Antalya-Belek"]
[Date "2020.01.31"]
[Round "9.76"]
[White "Demir, Zeki"]
[Black "Ozeler, Nedim"]
[Result "1-0"]
[WhiteElo "1703"]
[BlackElo "1667"]
[Annotator "NA RC"]
[PlyCount "91"]
[EventDate "2020.01.26"]
[EventType "swiss"]
[EventCountry "TUR"]
[SourceTitle "playchess.com"]
[Source "ChessBase"]
[SourceQuality "1"]

1. d4 d5 2. c4 e6 3. Nc3 Nf6 4. cxd5 exd5 5. Bg5 c6 6. e3 Be7 7. Qc2 O-O 8. Bd3 h6 9. Bh4 Nbd7 10. Nge2 Re8 11. O-O Nf8 12. f3 N6h7 13. Bxe7 Rxe7 14. e4 dxe4 15. fxe4 Ng5 16. Qd2 Bg4 17. Qe3 Qb6 18. b3 Rae8 19. Rf4 f5 20. Na4 Qc7 21. e5 Nfe6 22. Rf2 b5 23. Nac3 Bxe2 24. Nxe2 g6 25. h4 Ne4 26. Bxe4 fxe4 27. Qxe4 Nf8 28. Rc1 Rc8 29. Rf6 Qd7 30. Rcxc6 Rxc6 31. Rxc6 h5 32. d5 a5 33. e6 Qa7+ 34. Qd4 Qb7 35. Qb6 Qa8 36. Nf4 a4 37. Rc7 axb3 38. axb3 Qa1+ 39. Kh2 Re8 40. Qe3 Qf6 41. Qg3 Qe5 42. Rf7 Rc8 43. Rxf8+ Rxf8 44. Qxg6+ Kh8 45. Qxh5+ Qxh5 46. Nxh5 1-0

[Event "Turkey Cup 2020"]
[Site "Antalya-Belek"]
[Date "2020.01.31"]
[Round "9.79"]
[White "Atasoy, Ata"]
[Black "Araboga, Nizamettin"]
[Result "0-1"]
[WhiteElo "1527"]
[BlackElo "1710"]
[Annotator "NA RC"]
[PlyCount "125"]
[EventDate "2020.01.26"]
[EventType "swiss"]
[EventCountry "TUR"]
[SourceTitle "playchess.com"]
[Source "ChessBase"]
[SourceQuality "1"]

1. e4 c5 2. Nc3 d6 3. d4 cxd4 4. Qxd4 Nc6 5. Qd2 Nf6 6. b3 e6 7. Bb2 Be7 8. O-O-O a6 9. Kb1 O-O 10. f3 Qc7 11. Nge2 b5 12. g4 Rd8 13. Qf4 Bb7 14. Rc1 Rac8 15. Bg2 b4 16. Na4 e5 17. Qg3 Na7 18. c3 Qa5 19. cxb4 Qxb4 20. Bc3 Qb5 21. Qf2 Rc7 22. Bf1 Nxe4 23. Qxa7 Nd2+ 24. Bxd2 Be4+ 25. fxe4 Rxa7 26. Nd4 Qb7 27. Nc6 Re8 28. Nxa7 Qxe4+ 29. Ka1 Qd4+ 30. Bc3 Qxa7 31. Bg2 Bg5 32. Rcd1 Qc7 33. Rhe1 g6 34. Bd5 Re7 35. h3 Bf6 36. Rc1 Qa7 37. Bb2 Kg7 38. Rf1 h6 39. Nc3 Bg5 40. Rcd1 Be3 41. Ne4 Bd4 42. Bxd4 exd4 43. Nxd6 Qc5 44. Bxf7 Qxd6 45. Bc4 a5 46. Rd2 Qb4 47. Rfd1 Rd7 48. Kb1 a4 49. Rxd4 Rxd4 50. Rxd4 Qe1+ 51. Kc2 a3 52. Rd2 Qa1 53. Kd3 Qf1+ 54. Kc2 Qxh3 55. b4 Qxg4 56. Kb3 h5 57. b5 h4 58. b6 Qf3+ 59. Kb4 Qc6 60. Kxa3 Qxc4 61. b7 Qc3+ 62. Ka4 Qxd2 63. b8=Q 0-1

[Event "Turkey Cup 2020"]
[Site "Antalya-Belek"]
[Date "2020.01.31"]
[Round "9.80"]
[White "Ataer, Arda Burak"]
[Black "Gursu, Ahmet Burak"]
[Result "1-0"]
[WhiteElo "1762"]
[BlackElo "1297"]
[Annotator "NA RC"]
[PlyCount "111"]
[EventDate "2020.01.26"]
[EventType "swiss"]
[EventCountry "TUR"]
[SourceTitle "playchess.com"]
[Source "ChessBase"]
[SourceQuality "1"]

1. e4 e5 2. Nf3 Nf6 3. Bc4 Nxe4 4. Nc3 Nxc3 5. dxc3 c6 6. Nxe5 d5 7. O-O Bd6 8. Re1 O-O 9. Bd3 Nd7 10. Nf3 h6 11. c4 Nc5 12. cxd5 Nxd3 13. Qxd3 cxd5 14. h3 b6 15. Be3 Bb7 16. Rad1 Qc7 17. c3 Rad8 18. Nd4 Rfe8 19. Nb5 Qb8 20. Nxd6 Qxd6 21. a4 Qc6 22. Bd4 Rd6 23. Rxe8+ Qxe8 24. a5 bxa5 25. Bxa7 Re6 26. Be3 Qc6 27. Bd4 Ba6 28. Qg3 Rg6 29. Qe5 Qe6 30. Qxe6 Rxe6 31. Ra1 Bc4 32. Rxa5 Re1+ 33. Kh2 Rb1 34. b4 g5 35. Ra8+ Kh7 36. Rh8+ Kg6 37. Rg8+ Kf5 38. Rg7 Rb2 39. Rxf7+ Kg6 40. Rg7+ Kf5 41. g4+ Kf4 42. Rf7+ Ke4 43. Rf6 Rb1 44. Rxh6 Be2 45. Re6+ Kf3 46. Re5 Bd3 47. Re3+ Kxf2 48. Rxd3+ Kf1 49. Rf3+ Ke2 50. Rf2+ Ke1 51. Rg2 Rb3 52. h4 gxh4 53. g5 Ra3 54. g6 Ra8 55. g7 Rg8 56. Kh3 1-0

[Event "Turkey Cup 2020"]
[Site "Antalya-Belek"]
[Date "2020.01.31"]
[Round "9.81"]
[White "Kalender, Murat Emre"]
[Black "Hazinedaroglu, Gokay"]
[Result "1/2-1/2"]
[WhiteElo "1618"]
[BlackElo "1510"]
[Annotator "NA RC"]
[PlyCount "33"]
[EventDate "2020.01.26"]
[EventType "swiss"]
[EventCountry "TUR"]
[SourceTitle "playchess.com"]
[Source "ChessBase"]
[SourceQuality "1"]

1. d4 Nf6 2. Bf4 g6 3. Nc3 Bg7 4. e4 d6 5. Qd2 Nh5 6. Bh6 Nc6 7. d5 Ne5 8. Be2 Ng4 9. Bxg4 Bxg4 10. h3 Bd7 11. g4 Bxh6 12. Qxh6 Nf6 13. Nf3 e5 14. O-O-O Qe7 15. Qe3 h5 16. Nd2 b6 17. f3 1/2-1/2

[Event "Turkey Cup 2020"]
[Site "Antalya-Belek"]
[Date "2020.01.31"]
[Round "9.82"]
[White "Kecili, Mustafa Firat"]
[Black "Mercanli, Abdullah Gokturk"]
[Result "1/2-1/2"]
[WhiteElo "1673"]
[BlackElo "1474"]
[Annotator "NA RC"]
[PlyCount "111"]
[EventDate "2020.01.26"]
[EventType "swiss"]
[EventCountry "TUR"]
[SourceTitle "playchess.com"]
[Source "ChessBase"]
[SourceQuality "1"]

1. e4 c5 2. Nf3 g6 3. d4 cxd4 4. Nxd4 Bg7 5. Nc3 d6 6. g3 Nc6 7. Nde2 Nf6 8. Bg2 O-O 9. O-O Bg4 10. h3 Bd7 11. Be3 Ne5 12. b3 Qc7 13. f4 Nc6 14. Rc1 Rfd8 15. Nb5 Qc8 16. Kh2 a6 17. Nbd4 e5 18. Nxc6 Bxc6 19. Bb6 Re8 20. Qd3 exf4 21. Nxf4 Bxe4 22. Qxd6 Bxg2 23. Nxg2 Re6 24. Qc7 Qxc7 25. Bxc7 Nd5 26. Ba5 Re2 27. Rfe1 Rae8 28. Rcd1 Rxe1 29. Rxe1 Rxe1 30. Nxe1 Bc3 31. Bxc3 Nxc3 32. a4 f5 33. Nd3 b5 34. a5 Nd5 35. c4 bxc4 36. bxc4 Nc7 37. Kg2 Kf7 38. Kf3 g5 39. Nc5 Kf6 40. Ke3 Ke7 41. h4 h6 42. h5 Kd6 43. Nd3 Ne6 44. Nb4 Kc5 45. Nxa6+ Kxc4 46. Nb8 Kb5 47. a6 Kb6 48. Kf3 Ka7 49. Nc6+ Kxa6 50. Ne7 g4+ 51. Ke3 Ng7 52. Nxf5 Nxh5 53. Nxh6 Nxg3 54. Kf2 Ne4+ 55. Kg2 g3 56. Nf5 1/2-1/2

[Event "Turkey Cup 2020"]
[Site "Antalya-Belek"]
[Date "2020.01.31"]
[Round "9.83"]
[White "Karakaya, Mehmet"]
[Black "Atayman, Evren"]
[Result "1-0"]
[WhiteElo "1367"]
[BlackElo "1596"]
[Annotator "NA RC"]
[PlyCount "109"]
[EventDate "2020.01.26"]
[EventType "swiss"]
[EventCountry "TUR"]
[SourceTitle "playchess.com"]
[Source "ChessBase"]
[SourceQuality "1"]

1. e4 e5 2. Nf3 Nf6 3. Nc3 Nc6 4. d4 exd4 5. Nxd4 Bc5 6. Be3 Nxd4 7. Bxd4 Bxd4 8. Qxd4 O-O 9. g3 d6 10. Bg2 h5 11. O-O-O Be6 12. e5 dxe5 13. Qxe5 Qe7 14. Nd5 Nxd5 15. Bxd5 Qc5 16. Qd4 Qxd4 17. Rxd4 c6 18. Bxe6 fxe6 19. f4 Rad8 20. Rhd1 Rd5 21. c4 Rc5 22. b4 Rcf5 23. Re4 Re8 24. Rd6 Kf7 25. Kd2 a5 26. a3 g5 27. Ke3 g4 28. Kd4 axb4 29. axb4 h4 30. Rd7+ Re7 31. Rxe7+ Kxe7 32. Re5 Kf6 33. Rxf5+ Kxf5 34. Kc5 hxg3 35. hxg3 e5 36. fxe5 Kxe5 37. Kb6 Kd4 38. c5 Ke3 39. Kxb7 Kf3 40. b5 cxb5 41. c6 Kxg3 42. c7 Kh2 43. c8=Q g3 44. Qh8+ Kg1 45. Qb2 g2 46. Qxb5 Kf2 47. Qf5+ Kg3 48. Qg5+ Kh3 49. Kc6 Kh2 50. Qh4+ Kg1 51. Kd5 Kf1 52. Qf4+ Kg1 53. Ke4 Kh1 54. Qh4+ Kg1 55. Kf3 1-0

[Event "Turkey Cup 2020"]
[Site "Antalya-Belek"]
[Date "2020.01.31"]
[Round "9.84"]
[White "Fazla, Onder Zafer"]
[Black "Kalinoglu, Yagiz"]
[Result "1/2-1/2"]
[WhiteElo "1646"]
[BlackElo "1304"]
[Annotator "NA RC"]
[PlyCount "91"]
[EventDate "2020.01.26"]
[EventType "swiss"]
[EventCountry "TUR"]
[SourceTitle "playchess.com"]
[Source "ChessBase"]
[SourceQuality "1"]

1. Nf3 d5 2. d4 Nf6 3. c4 c6 4. cxd5 cxd5 5. Nc3 Nc6 6. Bf4 e6 7. e3 Bd6 8. Bxd6 Qxd6 9. a3 O-O 10. Bd3 Re8 11. Rc1 Bd7 12. Nb5 Qb8 13. Nc3 Qd8 14. b4 Rc8 15. Nb5 Qe7 16. O-O a6 17. Nc3 e5 18. dxe5 Nxe5 19. Bb1 Bc6 20. Nd4 Rcd8 21. Nce2 Nfd7 22. Ng3 g6 23. Re1 Nf8 24. h3 Qd6 25. Ba2 Ne6 26. f4 Nxd4 27. Qxd4 Nd7 28. Bb1 Nf8 29. Kf2 Ne6 30. Qf6 d4 31. exd4 Qxf4+ 32. Qxf4 Nxf4 33. Ne4 Bxe4 34. Rxe4 Rxe4 35. Bxe4 f5 36. Ke3 Re8 37. Kxf4 Rxe4+ 38. Kf3 Rxd4 39. Rc8+ Kg7 40. Rc7+ Kg8 41. Ke3 Rd1 42. a4 b6 43. Rc6 Ra1 44. Rxb6 Rxa4 45. Kd3 a5 46. Rb5 1/2-1/2

[Event "Turkey Cup 2020"]
[Site "Antalya-Belek"]
[Date "2020.01.31"]
[Round "9.85"]
[White "Bayramiclilar, Yusuf Ruzgar"]
[Black "Gozubuyukoglu, Selami"]
[Result "0-1"]
[WhiteElo "1331"]
[BlackElo "1716"]
[Annotator "NA RC"]
[PlyCount "148"]
[EventDate "2020.01.26"]
[EventType "swiss"]
[EventCountry "TUR"]
[SourceTitle "playchess.com"]
[Source "ChessBase"]
[SourceQuality "1"]

1. d4 Nf6 2. c4 e6 3. Bg5 d5 4. Nc3 Be7 5. Nf3 Nbd7 6. e3 O-O 7. Bd3 h6 8. Bxf6 Nxf6 9. O-O b6 10. cxd5 exd5 11. Ne5 Bb7 12. Rc1 a6 13. Bb1 Bd6 14. Qd3 Re8 15. Qf5 Qe7 16. Ng4 Ne4 17. Nxd5 Bxd5 18. Qxd5 Nd2 19. Rfd1 Nxb1 20. Rxb1 Rad8 21. Qf5 g6 22. Qf6 Qf8 23. Qh4 Be7 24. Qxh6 Rd5 25. Qxf8+ Kxf8 26. Ne5 Bf6 27. Nd3 a5 28. Rbc1 Rd7 29. Nf4 Red8 30. Rc6 Kg7 31. Ne2 Rh8 32. Rdc1 Rd5 33. Rxc7 Rdh5 34. h3 g5 35. Ng3 R5h7 36. f3 Re8 37. Nf5+ Kg6 38. e4 Rd8 39. R1c6 g4 40. fxg4 Kg5 41. h4+ Rxh4 42. e5 Bxe5 43. dxe5 Rxg4 44. Nd6 Kh5 45. Rxf7 Rdg8 46. Rf2 R8g6 47. Rcc2 Rd4 48. Rf5+ Kh6 49. Rcf2 Rd1+ 50. Rf1 Rd2 51. Rf6 Rdxg2+ 52. Kh1 Re2 53. Nf7+ Kg7 54. Rxg6+ Kxg6 55. Rf6+ Kg7 56. Nd8 Rd2 57. Ne6+ Kh7 58. Ng5+ Kg7 59. e6 Rd1+ 60. Kg2 Kxf6 61. Kf2 Rd2+ 62. Kf3 Rxb2 63. Ke4 Rb4+ 64. Kd5 Rb5+ 65. Kd6 Rxg5 66. e7 Re5 67. Kd7 Rxe7+ 68. Kc6 Re6+ 69. Kb5 Ke7 70. a4 Kd7 71. Ka6 Kc6 72. Ka7 b5 73. axb5+ Kxb5 74. Kb7 a4 0-1

[Event "Turkey Cup 2020"]
[Site "Antalya-Belek"]
[Date "2020.01.31"]
[Round "9.86"]
[White "Kaynar, Mustafa Deniz"]
[Black "Ikizler, Metin"]
[Result "0-1"]
[WhiteElo "1555"]
[BlackElo "1555"]
[Annotator "NA RC"]
[PlyCount "63"]
[EventDate "2020.01.26"]
[EventType "swiss"]
[EventCountry "TUR"]
[SourceTitle "playchess.com"]
[Source "ChessBase"]
[SourceQuality "1"]

1. d4 d5 2. Bf4 Bf5 3. e3 c6 4. Nf3 Nf6 5. Bd3 Bxd3 6. Qxd3 Qb6 7. Nc3 Nbd7 8. O-O e6 9. Rab1 Be7 10. b4 O-O 11. Ne5 Nxe5 12. Bxe5 Nd7 13. Bg3 Qd8 14. Na4 b6 15. c4 Nf6 16. cxd5 cxd5 17. Qa6 Ne4 18. Rfc1 Bd6 19. Rc6 Bxg3 20. hxg3 Qf6 21. Rb2 h5 22. Rbc2 h4 23. gxh4 Qxh4 24. Rc7 g5 25. Rxa7 Rxa7 26. Qxa7 Kg7 27. Qc7 Rh8 28. Qe5+ f6 29. Qc7+ Kg6 30. Kf1 Qh1+ 31. Ke2 Qxg2 32. Kd1 0-1

[Event "Turkey Cup 2020"]
[Site "Antalya-Belek"]
[Date "2020.01.31"]
[Round "9.87"]
[White "Sarioglu, Burak"]
[Black "Akin, Bora Zubeyir"]
[Result "0-1"]
[WhiteElo "1262"]
[BlackElo "1476"]
[Annotator "NA RC"]
[PlyCount "88"]
[EventDate "2020.01.26"]
[EventType "swiss"]
[EventCountry "TUR"]
[SourceTitle "playchess.com"]
[Source "ChessBase"]
[SourceQuality "1"]

1. d4 d5 2. Nf3 Nf6 3. Bf4 Bg4 4. Nbd2 e6 5. e3 Nbd7 6. Bd3 Rc8 7. c3 Bd6 8. Bg3 Nb6 9. a4 a5 10. O-O Bxg3 11. hxg3 c5 12. dxc5 Nbd7 13. Nb3 O-O 14. Qd2 Bxf3 15. gxf3 Nxc5 16. Nxc5 Rxc5 17. Rad1 Qc7 18. e4 Rd8 19. Qe3 e5 20. Bb5 b6 21. Rfe1 h5 22. Kg2 g6 23. Kg1 Kg7 24. Kg2 Ng8 25. Rd3 dxe4 26. fxe4 Rd6 27. Red1 Rf6 28. b4 axb4 29. cxb4 Rc2 30. R1d2 Nh6 31. f3 h4 32. Rxc2 Qxc2+ 33. Qd2 Qb1 34. Re3 g5 35. Re1 Qb3 36. Qxg5+ Rg6 37. Qxe5+ Kh7 38. g4 Qxb4 39. Re2 Qa3 40. Qb2 Qc5 41. Bd3 Nxg4 42. Kh3 Qd6 43. Kxh4 Nf2 44. e5 Qe7+ 0-1

[Event "Turkey Cup 2020"]
[Site "Antalya-Belek"]
[Date "2020.01.31"]
[Round "9.88"]
[White "Yilmaz, Cumhur"]
[Black "Aydin, Ataberk"]
[Result "1-0"]
[WhiteElo "1719"]
[BlackElo "1283"]
[Annotator "NA RC"]
[PlyCount "119"]
[EventDate "2020.01.26"]
[EventType "swiss"]
[EventCountry "TUR"]
[SourceTitle "playchess.com"]
[Source "ChessBase"]
[SourceQuality "1"]

1. Nf3 d5 2. d4 f5 3. Bf4 e6 4. e3 Nf6 5. c3 Be7 6. Qa4+ c6 7. Bxb8 b5 8. Qb3 Rxb8 9. Nbd2 O-O 10. Be2 Qc7 11. Ne5 Ne4 12. Qc2 Bd6 13. f4 Rb6 14. a4 a6 15. Ndf3 Bd7 16. O-O Be8 17. axb5 cxb5 18. Ra5 Bh5 19. Rfa1 Qb7 20. Nd3 Rc8 21. Nfe5 Bxe2 22. Qxe2 g6 23. h3 Kg7 24. Nb4 Bxb4 25. cxb4 Nd6 26. Nd3 Ne4 27. Nc5 Nxc5 28. bxc5 Rbc6 29. b4 Rg8 30. Qa2 Ra8 31. Qf2 Rg8 32. Qh4 Rf8 33. Kf2 Rh8 34. Ke2 Rf8 35. Kd3 Rh8 36. R5a2 Re8 37. g4 Qc8 38. Qg3 Kf7 39. Ra5 Qb7 40. Kc3 Qc8 41. Qg2 Qb7 42. Qe2 Ra8 43. Qa2 Kf6 44. Qf2 Rh8 45. Qg2 Rd8 46. Rh1 Qg7 47. Qa2 Qb7 48. Qf2 Rh8 49. Qg3 Rcc8 50. Qh4+ Kf7 51. Qh6 Rc6 52. h4 Rcc8 53. Ra2 Qa8 54. Rha1 Rc6 55. Rg1 Rcc8 56. h5 Rcg8 57. Rga1 fxg4 58. Rxa6 Qf8 59. Ra7+ Kf6 60. Qg5# 1-0

[Event "Turkey Cup 2020"]
[Site "Antalya-Belek"]
[Date "2020.01.31"]
[Round "9.89"]
[White "Yalovali, Gorkem"]
[Black "Tinmaz, Kerem"]
[Result "1/2-1/2"]
[WhiteElo "1420"]
[BlackElo "1729"]
[Annotator "NA RC"]
[PlyCount "85"]
[EventDate "2020.01.26"]
[EventType "swiss"]
[EventCountry "TUR"]
[SourceTitle "playchess.com"]
[Source "ChessBase"]
[SourceQuality "1"]

1. c4 c6 2. g3 d5 3. Bg2 Nf6 4. Nf3 Bf5 5. O-O e6 6. d4 Nbd7 7. cxd5 exd5 8. Bf4 Be7 9. Nc3 O-O 10. Rc1 Re8 11. Na4 a5 12. Qb3 b5 13. Nc5 Nxc5 14. dxc5 Ne4 15. Be3 Bf6 16. Nd4 Bxd4 17. Bxd4 Nd2 18. Qc3 Nxf1 19. Bxg7 Qg5 20. Bf6 Qd2 21. Bxf1 Qxc3 22. Bxc3 Re4 23. e3 Ra4 24. Ra1 Bc2 25. Rc1 Bg6 26. Ra1 Re4 27. a3 Kf8 28. Bd4 Rb8 29. Bh3 Ke8 30. f3 Re7 31. Kf2 a4 32. Bf6 Reb7 33. Be5 Ra8 34. Bc3 Ke7 35. Ke2 f6 36. Kd2 h5 37. Rg1 Rh8 38. Bf1 Rbb8 39. Ba5 Rbg8 40. Bc7 Ke6 41. Kc3 Re8 42. Kd4 Kd7 43. Bd6 1/2-1/2

[Event "Turkey Cup 2020"]
[Site "Antalya-Belek"]
[Date "2020.01.31"]
[Round "9.91"]
[White "Alexanian, Nelli"]
[Black "Sepici, Batuhan"]
[Result "1-0"]
[WhiteElo "2012"]
[BlackElo "1539"]
[Annotator "NA RC"]
[PlyCount "89"]
[EventDate "2020.01.26"]
[EventType "swiss"]
[EventCountry "TUR"]
[SourceTitle "playchess.com"]
[Source "ChessBase"]
[SourceQuality "1"]

1. d4 d5 2. c4 c6 3. cxd5 cxd5 4. Nc3 Nf6 5. Bf4 Nc6 6. e3 a6 7. Bd3 e6 8. Rc1 Bd7 9. Nf3 Be7 10. O-O O-O 11. Na4 b6 12. Ne5 Nxe5 13. Bxe5 Bxa4 14. Qxa4 b5 15. Qb3 Rc8 16. a4 Ne4 17. Bxe4 dxe4 18. Rxc8 Qxc8 19. axb5 Qb7 20. b6 Rc8 21. Bc7 h6 22. Qa4 Kh7 23. Qd7 Bd8 24. Rc1 Kg6 25. h3 a5 26. Rc3 Ra8 27. Qc6 Qxc6 28. Rxc6 Bxc7 29. Rxc7 Ra6 30. Rc6 Ra8 31. b7 Rb8 32. Rc7 f5 33. Kf1 Kf6 34. Ke2 g5 35. Kd2 h5 36. g3 g4 37. h4 Kg6 38. Kc3 Kf6 39. Kc4 e5 40. d5 f4 41. d6 Ke6 42. Kc5 a4 43. d7 a3 44. bxa3 f3 45. Kc6 1-0

[Event "Turkey Cup 2020"]
[Site "Antalya-Belek"]
[Date "2020.01.31"]
[Round "9.93"]
[White "Kervancioglu, Talu"]
[Black "Erdal, Emre"]
[Result "1-0"]
[WhiteElo "1539"]
[BlackElo "1833"]
[Annotator "NA RC"]
[PlyCount "101"]
[EventDate "2020.01.26"]
[EventType "swiss"]
[EventCountry "TUR"]
[SourceTitle "playchess.com"]
[Source "ChessBase"]
[SourceQuality "1"]

1. e4 c6 2. d4 d5 3. exd5 cxd5 4. c4 Nf6 5. Nc3 Nc6 6. Bg5 e6 7. c5 Be7 8. Bb5 Bd7 9. Nge2 O-O 10. O-O h6 11. Bf4 b6 12. Bxc6 Bxc6 13. b4 bxc5 14. bxc5 Nd7 15. Re1 Qa5 16. Qd2 Qd8 17. Nc1 Bf6 18. a4 a6 19. Bd6 Re8 20. f4 Be7 21. Bxe7 Qxe7 22. Nd3 f6 23. Nb4 Rac8 24. Nxc6 Rxc6 25. Nxd5 Qd8 26. Nb4 Rc8 27. Nxa6 Ra8 28. Qd3 Qa5 29. Qb5 Qxa6 30. Qxd7 Qc4 31. Rac1 Qxa4 32. Qxa4 Rxa4 33. d5 Ra6 34. d6 Rc6 35. Red1 Kf7 36. Rd2 Rec8 37. Kf2 e5 38. Ke3 Ke6 39. fxe5 fxe5 40. Ke4 Rf8 41. g3 Rb8 42. Rc4 Rbc8 43. Rd5 Kd7 44. Kxe5 Re8+ 45. Kd4 Re1 46. Re5 Rd1+ 47. Kc3 Rc8 48. Re7+ Kc6 49. Kc2 Rh1 50. Rh4 Kxc5 51. Rc7+ 1-0